| 000 | 00689nam a2200217Ia 4500 | ||
|---|---|---|---|
| 003 | GCL | ||
| 008 | 140319s9999 xx 000 0 ara d | ||
| 040 |
_aGCL / _cGCL |
||
| 082 | 0 | 4 |
_aط _b239 _bع ط |
| 100 | 1 | _aعبدالتواب يوسف | |
| 245 | 1 | 0 |
_aطفولة النبى صلى الله عليه وسلم للاطفال / _cعبدالتواب يوسف |
| 700 | 1 | _aفريدة عويس (رسوم) | |
| 260 |
_a[S.N] : _bالدار المصرية اللبنانية ، _c1990 |
||
| 300 | _a75 ص | ||
| 490 | _a | ||
| 650 | 0 | 4 | _aالاطفال |
| 650 | 0 | 4 | _aقصص الاطفال |
| 650 | 0 | 4 | _aقصص الانبياء |
| 650 | 0 | 4 | _aالقصص الدينية |
| 942 |
_2ddc _cBK |
||
| 999 |
_c37000 _d37000 |
||